000 00505nam a22001937a 4500
003 MPLRDC
005 20220104144511.0
008 210129b ||||| |||| 00| 0 eng d
020 _a983-50-0933-3
082 _a859.6 DSN v.4 c.2
100 _a吉纳.英戈利亚改编
245 _a风中奇缘
_c
250 _a初版
260 _a马来西亚
_b彩虹出版有限公司
_c1995
300 _b101
490 _a迪斯尼小英杰故事
650 _a儿童故事
942 _cBK
_o859.6 DSN v.4 c.2
999 _c50215
_d50205